| 000 | 00833nam a22002417a 4500 | ||
|---|---|---|---|
| 003 | 0 | ||
| 005 | 20241011103831.0 | ||
| 008 | 241011b xxu||||| |||| 00| 0 eng d | ||
| 020 | _a9781032156934 | ||
| 050 |
_aAM 151 _b.H57 2024 |
||
| 245 |
_aHistories of exhibition design in the museum : _bmakers, process, and practice / _cedited by Kate Guy, Hajra Williams, and Claire Wintle. |
||
| 260 |
_aNew York, NY : _bRoutledge, _c2024. |
||
| 300 |
_axviii, 275 p. : _bill. ; _c24 cm. |
||
| 490 | _aMuseum making. | ||
| 504 | _aIncludes bibliographical references and index. | ||
| 650 |
_aMuseum exhibits _vCase studies. |
||
| 650 |
_aMuseum exhibits _vHistory. |
||
| 650 | _aMuseums and minorities. | ||
| 700 |
_aGuy, Kate, _eeditor. |
||
| 700 |
_aWilliams, Hajra, _eeditor. |
||
| 700 |
_aWintle, Claire, _eeditor. |
||
| 942 |
_2lcc _cBK |
||
| 999 |
_c366507 _d366507 |
||